000 00450nam a2200181Ia 4500
005 20240823053319.0
008 240823s9999||||xx |||||||||||||| ||und||
041 _aENGLISH
082 _A658.8 L2
100 _aRichard M Hill et al.
245 0 _aIndustrial Marketing
250 _a4th
260 _c1994
_b"All India Traveller Book Seller,Delhi"
500 _aYES
650 _aMarketing
_bManagement Studies
942 _cBK
999 _c223882
_d223882